Literature by Opening Sentence - Statistics

General Stats
  • This quiz has been taken 586 times
    565 since last reset
  • The average score is 4 of 20
Answer Stats
Hint Answer % Correct
Christmas won't be Christmas without any presents,” grumbled Jo, lying on the rug. Little Women (Louisa May Alcott)
82%
My father’s family name being Pirrip, and my Christian name Philip, my infant tongue could make of both names nothing longer or more explicit than Pip. Great Expectations (Charles Dickens)
64%
Many years later, as he faced the firing squad, Colonel Aureliano Buendía was to remember that distant afternoon when his father took him to discover ice. One Hundred Years of Solitude (Gabriel Garcia Marquez)
42%
In my younger and more vulnerable years my father gave me some advice that I’ve been turning over in my mind ever since. The Great Gatsby (F. Scott Fitzgerald)
41%
It was a pleasure to burn. Fahrenheit 451 (Ray Bradbury)
39%
Tyler gets me a job as a waiter, after that Tyler's pushing a gun in my mouth and saying, the first step to eternal life is you have to die. Fight Club (Chuck Palahniuk)
32%
It was a queer, sultry summer, the summer they electrocuted the Rosenbergs, and I didn't know what I was doing in New York. The Bell Jar (Sylvia Plath)
29%
A few miles south of Soledad, the Salinas River drops in close to the hillside bank and runs deep and green. Of Mice and Men (John Steinbeck)
19%
Stately, plump Buck Mulligan came from the stairhead, bearing a bowl of lather on which a mirror and a razor lay crossed. Ulysses (James Joyce)
15%
You will rejoice to hear that no disaster has accompanied the commencement of an enterprise which you have regarded with such evil forebodings. Frankenstein (Mary Shelley)
10%
Through the fence, between the curling flower spaces, I could see them hitting. The Sound and the Fury (William Faulkner)
7%
Vaughan died yesterday in his last car-crash. Crash (J. G. Ballard)
5%
On an evening in the latter part of May a middle-aged man was walking homeward from Shaston to the village of Marlott, in the adjoining Vale of Blakemore or Blackmoor. Tess of the d'Urbervilles (Thomas Hardy)
4%
I was 37 then, strapped in my seat as the huge 747 plunged through dense cloud cover on approach to Hamburg airport. Norwegian Wood (Haruki Murakami)
3%
There is a lovely road that runs from Ixopo into the hills. These hills are grass-covered and rolling, and they are lovely beyond any singing of it. Cry, the Beloved Country (Alan Paton)
2%
They say when trouble comes close ranks, and so the white people did. Wide Sargasso Sea (Jean Rhys)
2%
For many years I claimed I could remember things seen at the time of my own birth. Confessions of a Mask (Yukio Mishima)
1%
The madness of an autumn prairie cold front coming through. You could feel it; something terrible was going to happen. The Corrections (Jonathan Franzen)
1%
Granted: I am an inmate of a mental hospital; my keeper is watching me, he never lets me out of his sight; there's a peephole in the door, and my keeper's eye is the shade of brown that can never see through a blue-eyed type like me. The Tin Drum (Gunter Grass)
1%
He speaks in your voice, American, and there's a shine in his eye that's halfway hopeful. Underworld (Don Delillo)
1%
No matching quizzes found
Score Distribution
Percent of People with Each Score
Percentile by Number Answered
Your Score History
You have not taken this quiz since the last reset